000 00778nam a22002297a 4500
999 _c65066
_d65066
005 20240530110805.0
008 190226s2018 ua f 000 e ara d
017 _a2018/7176
_bمصر. دار الكتب
020 _a9789777482035
040 _aEG-CaGPL
_cEG-CaGPL
082 0 4 _221
_a810.90358/
_bق/م ط
100 0 _aمحمد العدوى
245 1 2 _aالطريق الى ارض الكنانة /
_cمحمد العدوى
260 _aالقاهرة :
_bدار الادهم للنشر والتوزيع،
_c2018.
300 _a250 ص. ؛
_c19 سم.
650 0 7 _2qrmak
_aالادب العربى
650 0 7 _2qrmak
_aالادب التاريخى
651 _2qrmak
653 0 _aالادب السياسى
942 _2ddc
_cBK